000
00294nam a22001337a 4500
008
171227b xxu||||| |||| 00| 0 eng d
020
_a
07073223-X
041
_a
eng
080
_a
316
100
_a
50
101
_a
SOC
245
_a
THE WOMEN POETS IN ENGLISH
_c
STANFORD,A
942
_2
udc
_c
BK
999
_c
39474
_d
39474